000
00193nam a2200073Ia 4500
008
170524s9999 xx 000 0 und d
100
_a
PANT- NAVIN CHANDRA
245
0
_a
Mudran ke Takniki Sidhant
260
_b
N DELHI TAKSHSHILA
999
_c
9279
_d
9279